00561nam a2200205 a 4500001001300000003000900013005001700022008004100039020002300080082002000103100001700123245005400140260004700194300000900241500003500250505001000285650002600295650001700321700001700338nice12345678IN_TiNIC20260116013134.0050524s1982 newa grp 000 0 eng  a0815616 c67200a305.420962bATI aAtiya, Nayra aKhul-Khal; Five Egyptian Women Tell Their Stories aNew YorkbSyracuse University Press c1982 a177p aincludes index and biblioraphy2 aIndex aWomen-Egypt-boography aMuslim Women1 aAtiya, Nayra